000 00591cam a2200145 4500500
005 20251228075732.0
041 _afre
042 _adc
100 1 0 _aPregno, Gilbert
_eauthor
245 0 0 _aDans le dédale des thérapies familiales Un manuel systémique Muriel Meynckens-Fourez et Marie-Cécile Henriquet-Duhamel Collection Relations Erès Toulouse, 2005
260 _c2005.
500 _a2
786 0 _nThérapie Familiale | 26 | 3 | 2005-09-01 | p. 315c-323c | 0250-4952
856 4 1 _uhttps://shs.cairn.info/revue-therapie-familiale-2005-3-page-315c?lang=fr&redirect-ssocas=7080
999 _c1598153
_d1598153